| 000 | 00718nam1a2200253 i 4500 | ||
|---|---|---|---|
| 001 | RU\NLR\BIBL_A\011412825 | ||
| 005 | 20240727021317.0 | ||
| 035 | _a(NLR Aleph) 011412825 | ||
| 090 |
_a11566810 _c11566810 |
||
| 100 | _a20170622g19929999u y0rusy50 ca | ||
| 101 | 0 |
_arus _aeng |
|
| 102 | _aRU | ||
| 105 | _a j 000zy | ||
| 200 | 1 | _aУчебник английского языка | |
| 205 | _a[Стер. изд.] | ||
| 210 |
_aМ. _cМП "Фирма АРТ" _d1992 |
||
| 215 | _d22 | ||
| 686 | 1 | _aШ143.21-93рус3 | |
| 686 | 1 | _aШ143.21-93рус5 | |
| 686 | 1 | _aШ143.21-93рус8 | |
| 852 |
_aNLR _j91-5/5516 |
||
| 942 | _cBOOK | ||